000 00410nam a2200145 a 4500
001 000028155
005 20200930031409.0
008 110407s1979 dr cd 000 0 spa d
040 _aDO-SdBNP
_bspa
_cBNPHU
082 _axxxx
_bM533a
245 0 0 _aMemoria anual 1979.
260 _aSanto Domingo :
_bFinanciera de Desarrollo Industrial,
_c[1979].
300 _a24 p. :
_bgráf., retrs. ;
_c27 cm.
049 _aBNPD
999 _c27647
_d27647